000 00973cam a22003257a 4500
003 CHAP
005 20220920172540.0
008 971013s1946 r 00010 d
010 _a12766
011 _a13738
035 _a17810
040 _cCHAP
090 _aTesis
100 0 0 _aCarvallo Vielmas, Alfredo.
_919715
245 1 3 _aEl hule (Hevea brasiliensis Muell Arg.) en México
260 _aChapingo, Méx. :
_bEl autor,
_c1946
300 _a62 p.
_b: ilus.
502 _aTesis (Ing. Agr. Esp. en Fitotecnia) -- ENA
590 _aALEPH
_b10
_c20130110
590 _aBATCH-UPD
_b10
_c20130110
590 _aCONVERSION
_b10
_c20130109
650 1 4 _aCaucho.
_920537
901 _aBK
942 _cTESIS
_2local
949 _bBC
_cTES
_d-41763
_eTS1
_i17810
_si
949 _bBC
_cTES
_d-41764
_eTS2
_fc.2
_i17810
_si
949 _bBC
_cTES
_d-41766
_eTS2
_fc.3
_i17810
_si
949 _bBC
_cTES
_d-41767
_eTS2
_fc.4
_i17810
_si
949 _bBC
_cTES
_d-41768
_eBPP
_fc.5
_i17810
_si
999 _c12766
_d12766